Estatísticas para Cultura Geral

Clique aqui para jogar o quiz

Estatísticas Gerais

  • Esse quiz foi jogado 8 vezes
  • A pontuação média é 6 de 15

Estatísticas das Respostas

HintResposta% Correto
Que nome damos a um indivíduo que viola uma norma penal sem justificação e de forma reprovável, cometendo, portanto, um crime?Criminoso
86%
Que nome damos á peça de vestuário masculina utilizada por banhistas?Sunga
86%
Que nome damos á à falta de conhecimento?Ignorância
57%
Que nome damos á representação visual de uma região?Mapa
57%
Que nome damos ao lugar descrito por diferentes religiões onde o clima é ameno, há abundância de alimentos e recursos, e não há guerras, doenças ou morte?Paraíso
57%
Que nome damos a um estabelecimento comercial, semelhante a um hotel, mas, em geral, modesto em tamanho e administrado de maneira familiar?Pousada
57%
Que nome damos á mudança do estado gasoso para o liquido?Condensação
43%
Que nome damos á função através da qual os seres vivos produzem descendentes?Reprodução
43%
Que nome damos á indumentária usada para cobrir e proteger os órgãos sexuais?Cuecas
29%
Que nome damos á descarga elétrica atmosférica que por vezes atinge o solo?Raios
29%
Que nome damos ao estado de consciência recorrente em que há diminuição da atividade metabólica e sensorial?Sono
29%
Que nome damos ao produto usado para ocultar odores desagradáveis?Desodorizante
14%
Que nome damos á perda parcial ou total de um membro do corpo?Mutilação
0%
Que nome damos ao fenómeno causado por pequenas gotas de água suspensas no ar?Neblina
0%
Que nome damos á ciência que estuda as nuvens?Nefologia
0%

Distribuição das Pontuações

Percentil de Números Respondidos

Porcentagem de Pessoas com Cada Pontuação

Sua Pontuação Histórica

Você não jogou esse quiz